Παίζοντας "ρηχά" σε βαθιά νερά : νόμιμος τζόγος, πολιτισμική αντίσταση και διαδικασίες διαφοροποίησης στην Ελλάδα της κρίσης : διπλωματική εργασία
Αποθηκεύτηκε σε:
| Κύριος συγγραφέας: | |
|---|---|
| Συγγραφή απο Οργανισμό/Αρχή: | |
| Άλλοι συγγραφείς: | |
| Μορφή: | Thesis Βιβλίο |
| Γλώσσα: | Greek |
| Δημοσίευση: |
2015.
|
| Θέματα: | |
| Διαθέσιμο Online: | http://hdl.handle.net/11610/17259 |
| Ετικέτες: |
Προσθήκη ετικέτας
Δεν υπάρχουν, Καταχωρήστε ετικέτα πρώτοι!
|
MARC
| LEADER | 00000cam a2200000 a 4500 | ||
|---|---|---|---|
| 001 | 1/111955 | ||
| 008 | 160919s2015####gr | ||| |||| ||gre|| | ||
| 040 | |a GR-MyUa |b gre |c GR-MyUa |e AACR2 | ||
| 041 | 0 | |a gre | |
| 082 | 7 | |a 306.482 |2 (23) | |
| 100 | 1 | |a Δαγκλής, Γεώργιος. | |
| 245 | 1 | 0 | |a Παίζοντας "ρηχά" σε βαθιά νερά : |b νόμιμος τζόγος, πολιτισμική αντίσταση και διαδικασίες διαφοροποίησης στην Ελλάδα της κρίσης : διπλωματική εργασία / |c Δαγκλής Γεώργιος ; επιβλέπουσα καθηγήτρια : κα. Βασιλική Μουτάφη. |
| 260 | |c 2015. | ||
| 300 | |a 114 σ. ; |b |c 29,5 εκ. | ||
| 502 | |a Διατριβή (μεταπτυχιακή) - Πανεπιστήμιο Αιγαίου, Λέσβος, 2015. | ||
| 504 | |a Βιβλιογραφία : σ. 109-114. | ||
| 506 | 0 | |a Ηλεκτρονική διάθεση στο πλήρες κείμενο - ελεύθερης πρόσβασης. | |
| 650 | 0 | |a Gambling |x Social aspects. | |
| 650 | 0 | |a Gambling |z Greece. | |
| 650 | 0 | |a Group identity |z Greece. | |
| 700 | 1 | |a Γαλανή-Μουτάφη, Βασιλική, |e dgsf | |
| 710 | 2 | |a Πανεπιστήμιο Αιγαίου. |b Σχολή Κοινωνικών Επιστημών. |b Τμήμα Κοινωνικής Ανθρωπολογίας και Ιστορίας. |b Πρόγραμμα Μεταπτυχιακών Σπουδών Κοινωνική και Ιστορική Ανθρωπολογία. | |
| 852 | |a INST |b LESVOS |c DIATR |e 20160919 |h 259 |p 005100057223 |q 005100057223 |t MTXE |y 23 | ||
| 856 | |u http://hdl.handle.net/11610/17259 | ||
| 924 | |a Δαγκλής |b Γεώργιος |y Λέσβος |z 2016-05 | ||
| 970 | |a Πατσή |b Ανθίππη |z 19-09-2016 | ||